Thiết kế mô hình 3 chiều với Mechanical Deskop

Kaydedildi:
Detaylı Bibliyografya
Yazar: Ts.Nguyễn Hữu Lộc
Materyal Türü: Kitap
Dil:Vietnamese
Baskı/Yayın Bilgisi: TP Hồ Chí Minh 2005
Etiketler: Etiketle
Etiket eklenmemiş, İlk siz ekleyin!
Thư viện lưu trữ: Mạng thư viện Đại học Đà Nẵng
LEADER 00662nam a2200277 4500
001 000026583
003 651
005 20150325120000.0
008 150325s vm 000 vie
020 |c 41,0000 
040 |a NOTTS 
100 |a Ts.Nguyễn Hữu Lộc 
245 |a Thiết kế mô hình 3 chiều với Mechanical Deskop 
260 |b TP Hồ Chí Minh  |c 2005 
300 |a 360tr. ; 
OWN |a LTT 
999 |a From the UDN01 
TYP |a Monograph 
TYP |a Printed language 
980 |a Mạng thư viện Đại học Đà Nẵng